[Event "AUTO-BEG-388"]
[Site "http://www.queenalice.com/game.php?id=754800"]
[Date "2010.4.1"]
[Round "1"]
[White "McKubik"]
[Black "guicardoso"]
[Result "0-1"]
[WhiteElo "1295"]
[BlackElo "1207"]

1. e4 c5 2. Bc4 Nf6 3. Nc3 e5 4. Qf3 Be7 5. Qf5 d5 6. Qxe5 dxc4 7. Nf3 O-O 8. d3
cxd3 9. cxd3 Nc6 10. Qg5 Qxd3 11. Nd5 Nxd5 12. Qf4 Nxf4 13. Nd2 Qe2# 0-1

[Event "AUTO-BEG-388"]
[Site "http://www.queenalice.com/game.php?id=754801"]
[Date "2010.4.1"]
[Round "1"]
[White "guicardoso"]
[Black "McKubik"]
[Result "1-0"]
[WhiteElo "1296"]
[BlackElo "1295"]

1. e4 e5 2. Nf3 Nc6 3. Bc4 Qe7 4. Nc3 a6 5. Nd5 Qd6 6. Ng5 h6 7. Nxf7 Kxf7 8.
Nxc7+ Ke7 9. Nxa8 Qd4 10. d3 Nf6 11. O-O d6 12. c3 Bg4 13. cxd4 Bxd1 14. Rxd1
Ng4 15. dxe5 dxe5 16. f3 Ne3 17. Bxe3 Kd8 18. d4 Be7 19. dxe5+ Ke8 20. Rd2 Nxe5
21. Rc1 Rf8 22. Bd5 Kd7 23. Bb3+ Ke8 24. Nc7# 1-0

[Event "AUTO-BEG-389"]
[Site "http://www.queenalice.com/game.php?id=757327"]
[Date "2010.4.6"]
[Round "1"]
[White "guicardoso"]
[Black "Fittipaldi"]
[Result "1-0"]
[WhiteElo "1400"]
[BlackElo "1708"]

1. e4 a6 2. Bc4 b5 3. Bb3 c5 4. Bd5 Nc6 5. Qf3 Nf6 6. Nh3 Nxd5 7. exd5 Nd4 8.
Qe4 f5 9. Qd3 e5 10. dxe6 dxe6 11. c3 c4 12. Qxd4 Bd7 13. O-O Rg8 14. d3 Qc7 15.
Bf4 Qc6 16. Nd2 Bc5 17. Qe5 cxd3 18. Nb3 Bb6 19. Rad1 h6 20. Qd6 Rc8 21. Rxd3 g5
22. Be5 Bc7 23. Qxc6 Bxc6 24. Bxc7 Rxc7 25. Rfd1 Bd5 26. Nc1 Ke7 27. Re1 Rc4 28.
Rxd5 Kf6 29. Rd6 Re8 30. Kh1 a5 31. Nd3 h5 32. f4 gxf4 33. Nhxf4 Re4 34. Rxe4
fxe4 35. Nc5 e3 36. Ncxe6 Kf5 37. Kg1 Ke5 38. Rd3 Ke4 39. Rd4+ Ke5 40. Kf1 b4
41. Ke2 bxc3 42. bxc3 Rc8 43. Kxe3 Rxc3+ 44. Rd3 Rc2 45. Rd5+ Kf6 46. Rxa5 h4
47. a4 Ra2 48. Rh5 Ra3+ 49. Kf2 Ra2+ 50. Kf3 Ra3+ 51. Kg4 Rxa4 52. Ng5 Rb4 53.
Rxh4 Ra4 54. Rh6+ Ke5 55. Re6+ Kd4 56. Re4+ 1-0

[Event "AUTO-BEG-389"]
[Site "http://www.queenalice.com/game.php?id=757328"]
[Date "2010.4.6"]
[Round "1"]
[White "Fittipaldi"]
[Black "guicardoso"]
[Result "1-0"]
[WhiteElo "1434"]
[BlackElo "1332"]

1. e4 c5 2. Nf3 d6 3. Bc4 Nf6 4. d3 e5 5. Bg5 Be7 6. Nc3 O-O 7. Qd2 h6 8. Bxh6
gxh6 9. Qxh6 Qb6 10. b3 Qb4 11. Qd2 a6 12. O-O b5 13. a3 Qa5 14. Qg5+ Kh8 15.
Qh6+ Kg8 16. b4 cxb4 17. axb4 Qxb4 18. Bd5 Nxd5 19. Nxd5 1-0

[Event "AUTO-BEG-389"]
[Site "http://www.queenalice.com/game.php?id=757329"]
[Date "2010.4.6"]
[Round "1"]
[White "guicardoso"]
[Black "kayaman"]
[Result "1-0"]
[WhiteElo "1323"]
[BlackElo "1120"]

1. e4 e5 2. Nf3 Bc5 3. Nxe5 Nf6 4. d4 Bb4+ 5. c3 Ba5 6. b4 Bb6 7. Bc4 d5 8. exd5
O-O 9. Qb3 Bg4 10. d6 cxd6 11. Nxf7 Qc8 12. Nxd6+ Be6 13. Nxc8 Bc7 14. Bxe6+ Kh8
15. Bg5 Ne4 16. Be7 Rxf2 17. Qd5 Rxg2 18. Qxe4 Bxh2 19. Qxg2 Bf4 20. Bf8 Nc6 21.
Qxg7# 1-0

[Event "AUTO-BEG-389"]
[Site "http://www.queenalice.com/game.php?id=757330"]
[Date "2010.4.6"]
[Round "1"]
[White "kayaman"]
[Black "guicardoso"]
[Result "0-1"]
[WhiteElo "1244"]
[BlackElo "1428"]

1. e4 c5 2. Bc4 e5 3. Nf3 Nc6 4. O-O Nf6 5. d3 d5 6. exd5 Nxd5 7. Bb5 Bd7 8. Bg5
f6 9. Bh4 g5 10. Bg3 Qb6 11. Nc3 Nxc3 12. bxc3 Qxb5 13. c4 Qa5 14. Rb1 b6 15.
Rb5 Qxa2 16. d4 cxd4 17. Re1 Qxc4 18. Rb1 Bf5 19. Nd2 Qc5 20. Nb3 Qc3 21. Qh5+
Bg6 22. Qg4 Bxc2 23. Ra1 Bxb3 24. Rf1 Nb4 25. Qh5+ Bf7 26. Qe2 Bd6 27. Qb5+ Kd8
28. Rac1 Qb3 29. Rb1 Qa3 30. Qe2 Bg6 31. Qf3 Qxf3 0-1

[Event "AUTO-BEG-389"]
[Site "http://www.queenalice.com/game.php?id=757332"]
[Date "2010.4.6"]
[Round "1"]
[White "marysson"]
[Black "guicardoso"]
[Result "0-1"]
[WhiteElo "1221"]
[BlackElo "1308"]

1. Nf3 d5 2. d4 c5 3. dxc5 Qa5+ 4. Nc3 Qxc5 5. Qd4 Qxd4 6. Nxd4 Nf6 7. Bf4 g6 8.
Bxb8 Rxb8 9. g3 Bg7 10. Bg2 Ne4 11. Nxe4 dxe4 0-1

[Event "AUTO-BEG-388"]
[Site "http://www.queenalice.com/game.php?id=794039"]
[Date "2010.6.23"]
[Round "2"]
[White "geniolucio"]
[Black "guicardoso"]
[Result "1-0"]
[WhiteElo "1794"]
[BlackElo "1541"]

1. e4 c5 2. Nf3 d6 3. Bb5+ Bd7 4. Bxd7+ Qxd7 5. d4 cxd4 6. Nxd4 e5 7. Nf5 Nf6 8.
Nc3 g6 9. Ne3 Be7 10. O-O O-O 11. Ned5 Nxd5 12. Nxd5 Bd8 13. Bh6 Re8 14. Qf3 Re6
15. Rad1 Nc6 16. a3 Nd4 17. Qe3 Nxc2 18. Qb3 Nd4 19. Qh3 Rc8 20. Nf6+ Bxf6 21.
b4 1-0

[Event "AUTO-BEG-388"]
[Site "http://www.queenalice.com/game.php?id=794040"]
[Date "2010.6.23"]
[Round "2"]
[White "guicardoso"]
[Black "geniolucio"]
[Result "1/2-1/2"]
[WhiteElo "1517"]
[BlackElo "1671"]

1. e4 c5 2. Nf3 d6 3. d4 cxd4 4. Nxd4 e5 5. Nb3 Nf6 6. Nc3 Nc6 7. Be3 Be7 8. f3
O-O 9. Qd2 Be6 10. O-O-O Nd7 11. Nd5 Nf6 12. Nxe7+ Qxe7 13. Qxd6 Qxd6 14. Rxd6
Bxb3 15. axb3 Nh5 16. Bb5 Nd4 17. Bxd4 exd4 18. Rxd4 a6 19. Bd3 1/2-1/2

[Event "AUTO-BEG-389"]
[Site "http://www.queenalice.com/game.php?id=796888"]
[Date "2010.6.30"]
[Round "2"]
[White "pablin"]
[Black "guicardoso"]
[Result "1-0"]
[WhiteElo "1562"]
[BlackElo "1535"]

1. d4 Nf6 2. c4 e6 3. Nc3 Bb4 4. a3 Bxc3+ 5. bxc3 O-O 6. Nf3 d6 7. Bg5 h6 8. Bf4
Nc6 9. e3 Nh5 10. Bd3 Nxf4 11. exf4 Ne7 12. Bc2 b6 13. Qd3 1-0